O princípe subsidiarity vo verejnej správe

Bibliographic Details
Main Author: Kukliš, Peter (Author)
Format: Article
Language:Slovak
ISSN:0032-6984
Subjects:

MARC

LEADER 00000nab a2200000 a 4500
001 vtls000865929
003 SK-MaSNL
005 20260304115618.0
008 250429c2003 xo 0 slo
015 |a SNBRB2004/03-08358 
035 |a CLN000217481 
035 |a urn:nbn:sk:snk-ab29ue 
035 |a (urnnbn)urn:nbn:sk:snk:ar-a02015 
035 |a (uuid)9e39b713-d399-434c-b5bd-bdca47450eb9 
040 |a SNKBUCL  |b slo  |c SNKBUCL  |e AACR2 
041 0 |a slo 
044 |a xo  |c SK 
080 |a 342.57  |2 1997 
080 |a 352/354(437.6):342.57  |2 1997 
100 1 |a Kukliš, Peter  |4 aut  |9 406731 
245 1 0 |a O princípe subsidiarity vo verejnej správe  |c P. Kukliš 
504 |a Res. angl. 
504 |a Bibliogr. odkazy 
650 0 7 |a správa verejná  |x subsidiarita  |2 snkbucl  |9 1422428 
655 7 |a články z novín a časopisov  |2 snkbucl  |9 267496 
773 0 |t Právny obzor  |g Roč. 86, č. 6 (2003), s. 636-649  |x 0032-6984 
850 |a Slovenská národná knižnica 
852 |a Slovenská národná knižnica 
954 |a odborná, vedecká literatúra pôvodná (slovenská)  |2 lita 
958 |a article27 
958 |a NB 
958 |a OND 
958 |a EUIPO 
992 |a RBX 
999 |c 2876539  |d 2878469